Game of Thrones Character By Death Quiz Stats

Quiz not verified by Sporcle

Challenge
Share
Tweet
Embed
Score 0/62 Timer 05:00
0 Plays Today
Season Characters % Correct
Season FiveJon Snow
97.7%
Season OneEddard Stark
93.2%
Season OneKhal Drogo
91.1%
Season ThreeRobb Stark
90.9%
Season OneJon Arryn
89.8%
Season OneRobert Baratheon
88.6%
Season ThreeCatelyn Stark
88.6%
Season FourJoffrey Baratheon
86.2%
Season OneViserys Targaryen
82.9%
Season TwoRenly Baratheon
82.8%
Season FourTywin Lannister
82.1%
Season FourYgritte
80.5%
Season ThreeRos
78.7%
Season FourShae
77.7%
Season FiveStannis Baratheon
77.4%
Season OneMirri Maz Duur
76.9%
Season OneJory Cassel
75.9%
Season OneMycah
75.1%
Season ThreeRickard Karstark
74.6%
Season ThreeJeor Mormont
74.5%
Season OneWill
73%
Season FourOberyn Martell
72.7%
Season FourLysa Arryn
71.7%
Season TwoRodrik Cassel
71.5%
Season FiveMance Rayder
71.2%
Season OneLady
70.9%
Season ThreeTalisa Stark
70.2%
Season FourGrenn
67.8%
Season FourSandor Clegane
66.8%
Season ThreeCraster
66.2%
Season FiveBarristan Selmy
65.5%
Season Characters % Correct
Season FiveAemon Targaryen
64.7%
Season FourPolliver
64.6%
Season FiveShireen Baratheon
64.2%
Season FourPyp
63.7%
Season TwoLommy Greenhands
63.6%
Season TwoQhorin Halfhand
61.6%
Season FourRast
61.6%
Season TwoMaester Luwin
61.5%
Season TwoThe Tickler
61.1%
Season FourLocke
60.3%
Season FiveJanos Slynt
59.7%
Season OneSyrio Forel
59.3%
Season ThreeGrey Wind
59.2%
Season FourKarl Tanner
57.2%
Season FiveSelyse Baratheon
56.9%
Season FourDontos Hollard
56.6%
Season FiveMyrcella Baratheon
56.4%
Season TwoYoren
55.6%
Season TwoPyat Pree
55.3%
Season FiveMyranda
53.8%
Season TwoAmory Lorch
49.1%
Season OneSepta Mordane
48.9%
Season ThreeOrell
48.9%
Season FiveLord of Bones
46.8%
Season FiveMeryn Trant
44.7%
Season FourJojen Reed
44.1%
Season TwoAlton Lannister
41.8%
Season FiveHizdahr zo Loraq
37.7%
Season FiveKarsi
34.3%
Season ThreeJoyeuse Erenford
30.7%
Season FiveMossador
28.6%

You're not logged in!

Compare scores with friends on all Sporcle quizzes.
Join for Free
OR
Log In

You Might Also Like...

Show Comments

Extras

Created Mar 15, 2015ReportNominate

Top Quizzes Today


Score Distribution

Your Account Isn't Verified!

In order to create a playlist on Sporcle, you need to verify the email address you used during registration. Go to your Sporcle Settings to finish the process.

Report this User

Report this user for behavior that violates our Community Guidelines.

Details: